[Event "SR 2. liga A 2018/2019"]
[Site "?"]
[Date "2018.10.13"]
[Round "1.2"]
[White "Nicolini, Alexander"]
[Black "Sukuba, Zdeno"]
[Result "1/2-1/2"]
[WhiteElo "2147"]
[BlackElo "2163"]
[PlyCount "87"]
[EventDate "2018.??.??"]
[WhiteTeam "Lokomotiva Trnava"]
[BlackTeam "SK Krasnany"]

1. e4 c6 2. d4 d5 3. Nd2 dxe4 4. Nxe4 Bf5 5. Ng3 Bg6 6. Nf3 e6 7. Bc4 Nd7 8.
O-O Ngf6 {(=)} 9. Re1 Be7 10. Nh4 Nd5 11. Nxg6 hxg6 12. Ne4 Qc7 13. g3 N7f6 14.
Qf3 Nxe4 15. Rxe4 Qd7 16. c3 O-O 17. h4 b5 18. Bb3 a5 19. a4 b4 {(=)} 20. Re5
Bf6 21. Re4 bxc3 22. bxc3 Rab8 23. c4 Ne7 24. Ba3 Rfd8 25. Rd1 Nf5 26. Bc5 Qb7
27. Bc2 Be7 28. Bxe7 Qxe7 29. h5 Rb2 30. hxg6 fxg6 31. Bd3 Qf6 32. d5 cxd5 33.
cxd5 Rxd5 34. Be2 Rxd1+ 35. Bxd1 Rb1 36. Kg2 Qa1 37. Re1 Qd4 38. Qe2 Qd5+ 39.
Kg1 Nd4 40. Qe3 Rxd1 41. Rxd1 Nf3+ 42. Kg2 Qxd1 43. Qxe6+ Kh7 44. Qh3+ 1/2-1/2

[Event "SR 2. liga A 2018/2019"]
[Site "?"]
[Date "2018.10.13"]
[Round "1.3"]
[White "Bronis, Marian"]
[Black "Kovacocy, Pavel"]
[Result "0-1"]
[WhiteElo "2091"]
[BlackElo "2256"]
[PlyCount "94"]
[EventDate "2018.??.??"]
[WhiteTeam "SK Krasnany"]
[BlackTeam "Lokomotiva Trnava"]

1. d4 g6 2. c4 Bg7 3. e4 d6 4. Nc3 e5 5. d5 a5 6. Be2 Nd7 7. h4 Bh6 8. Bxh6
Nxh6 9. Qd2 Ng8 10. h5 Qf6 11. Nb5 Kd8 12. Nh3 Nc5 13. Ng5 h6 14. hxg6 hxg5 15.
Rxh8 Qxh8 16. gxf7 Ne7 17. O-O-O Qg7 18. Rh1 Nxe4 19. Rh7 Qf8 20. Qe3 Bf5 21.
Rh1 Qxf7 22. Bd3 Nf6 23. Bxf5 Nxf5 24. Qxg5 Ne7 25. Rh8+ Nfg8 26. Qh4 Qf4+ 27.
Qxf4 exf4 28. Nd4 Kd7 29. Ne6 Ng6 30. Rh7+ N8e7 31. Rf7 Rg8 32. Rh7 c6 33. Kd2
cxd5 34. cxd5 Kc8 35. Kc3 Nxd5+ 36. Kc4 Nde7 37. Kb5 Kd7 38. Nd4 Ne5 39. g3
fxg3 40. fxg3 N5c6 41. Ne2 Rg4 42. a3 Rg5+ 43. Kb6 Kc8 44. Rh8+ Nd8 45. Rh7
Nd5+ 46. Ka7 Nc6+ 47. Ka8 Nb6# 0-1

[Event "SR 2. liga A 2018/2019"]
[Site "?"]
[Date "2018.10.13"]
[Round "1.4"]
[White "Veselsky, Jozef"]
[Black "Janos, Ivan"]
[Result "1-0"]
[WhiteElo "2121"]
[BlackElo "2109"]
[PlyCount "133"]
[EventDate "2018.??.??"]
[WhiteTeam "Lokomotiva Trnava"]
[BlackTeam "SK Krasnany"]

1. d4 Nf6 2. Nf3 c5 3. c4 cxd4 4. Nxd4 e5 5. Nf3 e4 6. Nd4 d5 7. e3 Be7 8. Nc3
O-O 9. cxd5 a6 10. Qc2 Re8 11. Be2 Qc7 12. O-O Bd6 13. h3 Be5 14. Rd1 b5 15.
Qb3 Qd6 16. Bd2 Bxd4 17. exd4 Bb7 18. Rac1 Nbd7 19. a3 Nb6 20. Be3 Rac8 21. a4
b4 22. a5 Nbxd5 23. Nxd5 Bxd5 24. Bc4 Rxc4 25. Rxc4 Qe6 26. Rdc1 Rb8 27. Qc2
Bxc4 28. Qxc4 Nd5 29. Qc6 b3 30. Qxe6 fxe6 31. Rc6 Kf7 32. Rxa6 Rc8 33. Ra7+
Kf6 34. Rb7 Nxe3 35. fxe3 Rc1+ 36. Kh2 Ra1 37. Rxb3 Rxa5 38. Kg3 g5 39. Rb6 Kf7
40. Kf2 Ra1 41. Rb7+ Kg6 42. Rb6 Kf7 43. Rb5 h6 44. Rc5 Rb1 45. Rc2 Ke7 46. Re2
Kd6 47. Kg3 e5 48. dxe5+ Kxe5 49. Kg4 Kf6 50. Kh5 Kg7 51. Rd2 Rg1 52. b4 Rb1
53. Rd7+ Kf6 54. Kxh6 Rxb4 55. Rg7 Rb3 56. Rg6+ Kf7 57. Kxg5 Rxe3 58. Rf6+ Kg7
59. Rf2 Re1 60. Kf4 Kf6 61. Ra2 Ke6 62. Ra5 Rg1 63. Rg5 Re1 64. Re5+ Kf6 65.
Rxe4 Rf1+ 66. Kg4 Rf2 67. Rf4+ 1-0

[Event "SR 2. liga A 2018/2019"]
[Site "?"]
[Date "2018.10.13"]
[Round "1.5"]
[White "Biro, Karol"]
[Black "Puchart, Vladimir"]
[Result "1-0"]
[WhiteElo "2064"]
[BlackElo "2060"]
[PlyCount "85"]
[EventDate "2018.??.??"]
[WhiteTeam "SK Krasnany"]
[BlackTeam "Lokomotiva Trnava"]

1. c4 Nf6 2. Nc3 c5 3. g3 g6 4. Bg2 Bg7 5. e3 O-O 6. Nge2 Nc6 7. O-O d6 8. d4
Bg4 9. h3 cxd4 10. exd4 Bf5 11. g4 Bd7 12. Be3 a6 13. Qd2 Rb8 14. Rac1 b5 15.
c5 dxc5 16. dxc5 Ne5 17. Bf4 Nc4 18. Qc2 Rc8 19. b3 Na3 20. Qb2 b4 21. Na4 Nxg4
22. Qd2 Bb5 23. Qxb4 Bxe2 24. Rfe1 Ne5 25. Bxe5 Bxe5 26. Rxe2 Bd4 27. Qxa3 e5
28. b4 Qg5 29. Nb6 Rcd8 30. Nc4 f5 31. Nxe5 Qf4 32. Nd3 Qg3 33. Qb3+ Kh8 34.
Ne5 Bxf2+ 35. Rxf2 Qxe5 36. Qb2 Rfe8 37. Qxe5+ Rxe5 38. c6 Rde8 39. c7 Re1+ 40.
Rxe1 Rxe1+ 41. Rf1 Re8 42. Bb7 Kg7 43. c8=Q 1-0

[Event "SR 2. liga A 2018/2019"]
[Site "?"]
[Date "2018.10.13"]
[Round "1.6"]
[White "Sturdik, Igor"]
[Black "Mandak, Miroslav"]
[Result "0-1"]
[WhiteElo "1973"]
[BlackElo "1997"]
[PlyCount "42"]
[EventDate "2018.??.??"]
[WhiteTeam "Lokomotiva Trnava"]
[BlackTeam "SK Krasnany"]

1. e4 c6 2. d4 d5 3. Nc3 dxe4 4. Nxe4 Nd7 5. Bc4 Ngf6 6. Ng5 e6 7. Qe2 Nb6 8.
Bd3 Qc7 9. N1f3 h6 10. Ne4 Nbd5 11. Nxf6+ gxf6 12. g3 Bd7 13. a3 b5 14. Bd2 Bg7
15. c4 bxc4 16. Bxc4 O-O 17. Rc1 Qb7 18. Nh4 Qxb2 19. Qh5 Qxd4 20. Bxh6 Qe4+
21. Kd2 Qh7 0-1

[Event "SR 2. liga A 2018/2019"]
[Site "?"]
[Date "2018.10.13"]
[Round "1.7"]
[White "Gettler, Daniel"]
[Black "Doucha, Ludvig"]
[Result "1-0"]
[WhiteElo "2024"]
[BlackElo "1847"]
[PlyCount "51"]
[EventDate "2018.??.??"]
[WhiteTeam "SK Krasnany"]
[BlackTeam "Lokomotiva Trnava"]

1. c4 Nf6 2. g3 c6 3. Bg2 d5 4. Nf3 g6 5. b3 Bg7 6. Bb2 O-O 7. O-O Nbd7 8. d4
Ne4 9. Nbd2 Ndf6 10. Ne5 Nxd2 11. Qxd2 Ng4 12. Rad1 Be6 13. Qb4 Rb8 14. e4 a5
15. Qc5 dxe4 16. Bxe4 Nxe5 17. dxe5 Qc7 18. Rd2 Rbc8 19. f4 b6 20. Qe3 Bg4 21.
Kg2 Rfd8 22. Rff2 Bd7 23. f5 Bxe5 24. fxg6 hxg6 25. Bxg6 fxg6 26. Bxe5 1-0

[Event "SR 2. liga A 2018/2019"]
[Site "?"]
[Date "2018.10.13"]
[Round "1.8"]
[White "Babirat, Michal"]
[Black "Kohlmann, Robert"]
[Result "0-1"]
[WhiteElo "1834"]
[BlackElo "2074"]
[PlyCount "76"]
[EventDate "2018.??.??"]
[WhiteTeam "Lokomotiva Trnava"]
[BlackTeam "SK Krasnany"]

1. c4 g6 2. e4 Bg7 3. d4 d6 4. Nc3 Nf6 5. Nf3 O-O 6. Be2 e5 7. O-O Nc6 8. h3
Nd7 9. Bg5 f6 10. Be3 f5 11. Bg5 Bf6 12. Bxf6 Nxf6 13. dxe5 dxe5 14. Nd2 f4 15.
c5 Nd4 16. Nf3 Nxf3+ 17. Bxf3 Be6 18. Re1 c6 19. b4 Qe7 20. Qc2 g5 21. Rad1 h5
22. Rd6 g4 23. hxg4 hxg4 24. Bd1 Ne8 25. Rd2 Qh4 26. Ne2 g3 27. f3 Nf6 28. Kf1
Ng4 29. fxg4 f3 30. Nxg3 Qxg3 31. Bxf3 Bxg4 32. Rf2 Be6 33. Ke2 Kg7 34. Rh1
Rad8 35. Rff1 Rxf3 36. Rxf3 Qxg2+ 37. Rf2 Bg4+ 38. Ke3 Qg3+ 0-1

[Event "SR 2. liga A 2018/2019"]
[Site "?"]
[Date "2018.10.14"]
[Round "2.1"]
[White "Kostolansky, Sebastian"]
[Black "Spacek, Oliver"]
[Result "1-0"]
[WhiteElo "2209"]
[BlackElo "2236"]
[PlyCount "89"]
[EventDate "2018.??.??"]
[WhiteTeam "SK Slovan Bratislava E"]
[BlackTeam "SK Osuske B"]

1. e4 c5 2. Nf3 e6 3. d4 cxd4 4. Nxd4 a6 5. Bd3 Bc5 6. Nb3 Be7 7. O-O Qc7 8.
Nc3 b6 9. Qg4 g6 10. Bg5 Bb7 11. f4 f6 12. Bh4 Nh6 13. Qh3 Nf7 14. f5 gxf5 15.
exf5 e5 16. Be4 Bxe4 17. Nxe4 Qc6 18. Qf3 d5 19. Nc3 d4 20. Nd5 Ra7 21. c4 Kf8
22. Rfe1 Rd7 23. Nd2 h5 24. Ne4 Rh6 25. Rac1 a5 26. Ng3 Bc5 27. Kh1 Na6 28.
Nxh5 Rd6 29. Bxf6 Rdxf6 30. Nhxf6 Nc7 31. Nxc7 Qxf6 32. Qa8+ Qd8 33. Ne6+ Rxe6
34. Qxd8+ Nxd8 35. fxe6 Nc6 36. g4 Ke7 37. Kg2 Kxe6 38. a3 Be7 39. Kf3 Bg5 40.
Ke4 a4 41. Rc2 Na5 42. c5 Nb7 43. cxb6 Nd6+ 44. Kd3 Kd5 45. Rc5+ 1-0

[Event "SR 2. liga A 2018/2019"]
[Site "?"]
[Date "2018.10.14"]
[Round "2.2"]
[White "Jozefek, Michal"]
[Black "Jancovic, Peter"]
[Result "0-1"]
[WhiteElo "2210"]
[BlackElo "2282"]
[PlyCount "86"]
[EventDate "2018.??.??"]
[WhiteTeam "SK Osuske B"]
[BlackTeam "SK Slovan Bratislava E"]

1. d4 Nf6 2. c4 e6 3. Nc3 Bb4 4. Qc2 d5 5. cxd5 exd5 6. Bg5 h6 7. Bh4 O-O 8. e3
Be6 9. Bd3 c5 10. Nge2 c4 11. Bf5 Qd7 12. Bxe6 fxe6 13. O-O Nc6 14. b3 cxb3 15.
Qxb3 Bxc3 16. Qxc3 Ne4 17. Qd3 Rac8 18. f3 Nd6 19. Rab1 Na5 20. Nf4 Nf5 21. Bf2
Nc4 22. Ng6 Rfd8 23. e4 Ne7 24. Nxe7+ Qxe7 25. exd5 exd5 26. Rfe1 Qf7 27. Re2
Re8 28. Rbe1 b5 29. Bh4 a5 30. Re7 Rxe7 31. Rxe7 Qf4 32. Bf2 Qf6 33. Qe2 Nd6
34. h3 Ne4 35. Re5 Nxf2 36. Kxf2 Qh4+ 37. Kg1 Qxd4+ 38. Kh1 Kh7 39. Re7 Rc1+
40. Kh2 Qf4+ 41. g3 Qd4 42. h4 h5 43. Kh3 Rh1+ 0-1

[Event "SR 2. liga A 2018/2019"]
[Site "?"]
[Date "2018.10.14"]
[Round "2.3"]
[White "Privara, Igor"]
[Black "Cajka, Tibor"]
[Result "1-0"]
[WhiteElo "2217"]
[BlackElo "2094"]
[PlyCount "65"]
[EventDate "2018.??.??"]
[WhiteTeam "SK Slovan Bratislava E"]
[BlackTeam "SK Osuske B"]

1. e4 c5 2. c3 d5 3. exd5 Qxd5 4. d4 Nf6 5. Nf3 e6 6. Na3 cxd4 7. Nb5 Qd8 8.
Nbxd4 Be7 9. Be2 O-O 10. O-O Nc6 11. Nxc6 bxc6 12. Bg5 Qb6 13. Qc2 Rb8 14. b3
h6 15. Bf4 Ra8 16. Rfd1 Bb7 17. Ne5 a5 18. Nd7 Nxd7 19. Rxd7 Bc5 20. Bf3 Rac8
21. Rad1 Rfe8 22. b4 axb4 23. cxb4 Bf8 24. Be3 Qa6 25. Be2 Qa8 26. Bh5 Re7 27.
Bc5 Rxd7 28. Rxd7 Bxc5 29. Bxf7+ Kh8 30. bxc5 Qa5 31. Qd1 Ba6 32. Bxe6 Re8 33.
Qa1 1-0

[Event "SR 2. liga A 2018/2019"]
[Site "?"]
[Date "2018.10.14"]
[Round "2.4"]
[White "Gzib, David"]
[Black "Nestorenko, Dmitry"]
[Result "1/2-1/2"]
[WhiteElo "1980"]
[BlackElo "2199"]
[PlyCount "83"]
[EventDate "2018.??.??"]
[WhiteTeam "SK Osuske B"]
[BlackTeam "SK Slovan Bratislava E"]

1. e4 c5 2. Nf3 Nc6 3. d4 cxd4 4. Nxd4 Nf6 5. Nc3 e6 6. a3 Qb6 7. Nb3 a6 8. Be3
Qc7 9. Be2 Bd6 10. h3 Be5 11. Nd4 Qd6 12. Nxc6 Bxc3+ 13. bxc3 Qxc6 14. f3 Qxc3+
15. Kf2 Qc7 16. c4 O-O 17. Qd4 Nh5 18. e5 f6 19. g4 fxe5 20. Qc5 Qxc5 21. Bxc5
Nf4 22. Bxf8 Kxf8 23. c5 Ke7 24. h4 h6 25. Rhd1 Kd8 26. Bd3 b5 27. cxb6 Rb8 28.
Rab1 Nd5 29. Rdc1 Rxb6 30. Rxb6 Nxb6 31. Be4 d5 32. Bd3 Kd7 33. Ke3 Bb7 34. g5
hxg5 35. hxg5 d4+ 36. Kf2 Nd5 37. Be4 Nf4 38. Rh1 Bxe4 39. fxe4 g6 40. Kf3 Kc6
41. Rb1 Nh3 42. Kg4 1/2-1/2

[Event "SR 2. liga A 2018/2019"]
[Site "?"]
[Date "2018.10.14"]
[Round "2.5"]
[White "Zetocha, Adrian"]
[Black "Ocko, Martin"]
[Result "1-0"]
[WhiteElo "2091"]
[BlackElo "2007"]
[PlyCount "93"]
[EventDate "2018.??.??"]
[WhiteTeam "SK Slovan Bratislava E"]
[BlackTeam "SK Osuske B"]

1. d4 Nf6 2. e3 g6 3. Nf3 Bg7 4. Bd3 d5 5. O-O O-O 6. Nbd2 b6 7. e4 dxe4 8.
Nxe4 Bb7 9. Re1 Nbd7 10. Qe2 Re8 11. Ne5 Nxe4 12. Bxe4 Bxe4 13. Qxe4 Nxe5 14.
dxe5 e6 15. Bf4 Qd5 16. Rad1 Qxe4 17. Rxe4 Red8 18. Red4 Rxd4 19. Rxd4 Kf8 20.
b4 Ke8 21. Kf1 Rd8 22. Rc4 Rc8 23. a4 c5 24. Ke2 Bf8 25. Bg5 Bg7 26. f4 Bf8 27.
b5 Be7 28. Bxe7 Kxe7 29. a5 Kd7 30. Ra4 Kc7 31. axb6+ Kxb6 32. Ra6+ Kb7 33. Rd6
Rc7 34. g4 c4 35. Kd2 c3+ 36. Kd3 Kc8 37. Kd4 Kb7 38. g5 Kc8 39. Rc6 Rxc6 40.
bxc6 Kc7 41. Kc5 Kc8 42. Kd6 Kd8 43. c7+ Kc8 44. Kc6 a5 45. Kb5 Kxc7 46. Kxa5
Kc6 47. Kb4 1-0

[Event "SR 2. liga A 2018/2019"]
[Site "?"]
[Date "2018.10.14"]
[Round "2.6"]
[White "Diviak, Rastislav"]
[Black "Vadila, Ondrej"]
[Result "1-0"]
[WhiteElo "1977"]
[BlackElo "2060"]
[PlyCount "53"]
[EventDate "2018.??.??"]
[WhiteTeam "SK Osuske B"]
[BlackTeam "SK Slovan Bratislava E"]

1. e4 c5 2. Nf3 Nc6 3. d4 cxd4 4. Nxd4 g6 5. c4 Bg7 6. Be3 Nf6 7. Nc3 d6 8. Be2
O-O 9. O-O Bd7 10. Qd2 Nxd4 11. Bxd4 Bc6 12. f3 a5 13. b3 Nd7 14. Be3 Nc5 15.
Rac1 Qb6 16. Nd5 Bxd5 17. cxd5 Qb4 18. Rfd1 Qa3 19. Rc2 Rfc8 20. Rdc1 Qb4 21.
Qd1 b5 22. Qf1 a4 23. bxa4 bxa4 24. Rb1 Qa3 25. Bc1 Bb2 26. Rbxb2 Nb3 27. Rxb3
1-0

[Event "SR 2. liga A 2018/2019"]
[Site "?"]
[Date "2018.10.14"]
[Round "2.7"]
[White "Sulek, Viliam"]
[Black "Valigursky, Michal"]
[Result "1-0"]
[WhiteElo "2022"]
[BlackElo "1654"]
[PlyCount "51"]
[EventDate "2018.??.??"]
[WhiteTeam "SK Slovan Bratislava E"]
[BlackTeam "SK Osuske B"]

1. e4 c5 2. Nf3 Nc6 3. d4 cxd4 4. Nxd4 g6 5. Nc3 Bg7 6. Be3 Nf6 7. Be2 O-O 8.
Nb3 d6 9. f4 b6 10. g4 Bb7 11. g5 Nxe4 12. Nxe4 d5 13. Nf2 d4 14. Bd2 e5 15.
O-O f5 16. gxf6 Bxf6 17. Ng4 Bg7 18. fxe5 Nxe5 19. Rxf8+ Qxf8 20. Nxe5 Bxe5 21.
Bc4+ Kh8 22. Qe2 Bd6 23. Rf1 Qb8 24. Bh6 b5 25. Be6 Bc8 26. Qe5+ 1-0

[Event "SR 2. liga A 2018/2019"]
[Site "?"]
[Date "2018.10.14"]
[Round "2.8"]
[White "Vozarova, Adriana"]
[Black "Cambel, Vladimir"]
[Result "0-1"]
[WhiteElo "1592"]
[BlackElo "1974"]
[PlyCount "146"]
[EventDate "2018.??.??"]
[WhiteTeam "SK Osuske B"]
[BlackTeam "SK Slovan Bratislava E"]

1. e4 d6 2. d4 Nf6 3. Nc3 g6 4. Be3 c6 5. Bc4 b5 6. Bd3 Bg7 7. h3 O-O 8. Nf3
Qc7 9. O-O Nbd7 10. a3 a6 11. Qd2 Rd8 12. Bh6 Bh8 13. Ne2 Bb7 14. Ng3 e5 15. c4
d5 16. cxd5 cxd5 17. Rac1 Qb8 18. exd5 Bxd5 19. Qe2 exd4 20. Nxd4 Qb7 21. Nf3
Re8 22. Qd1 Rad8 23. Bf4 Bc6 24. Qb3 Nd5 25. Bg5 N5f6 26. Bb1 Ne5 27. Nxe5 Rxe5
28. Bf4 Re7 29. f3 Bg7 30. Rfe1 Rxe1+ 31. Rxe1 Nd5 32. Bg5 Rc8 33. Be4 h6 34.
Bd2 Rd8 35. Ba5 Rd7 36. Rd1 Kh7 37. Kh1 Be5 38. Ne2 f5 39. Bxd5 Bxd5 40. Qc2
Bc4 41. Nc3 Kg7 42. b3 Bf7 43. Re1 Bg3 44. Rd1 Qc6 45. Rxd7 Qxd7 46. Ne2 Be5
47. Bc3 Qc7 48. Bxe5+ Qxe5 49. f4 Qa1+ 50. Qc1 Qf6 51. b4 Bc4 52. Nc3 Qd4 53.
Kh2 Kf6 54. Kh1 g5 55. fxg5+ hxg5 56. Qe1 Bd3 57. Qd2 f4 58. Kh2 Ke5 59. Qe1+
Qe3 60. Qa1 Qd4 61. Qe1+ Kf5 62. Qd2 Qe3 63. Qd1 Qg3+ 64. Kh1 Ke5 65. Qd2 Qe3
66. Qb2 Qe1+ 67. Kh2 Kf5 68. Nd5 Qg3+ 69. Kh1 Qe1+ 70. Kh2 Qe5 71. Nc3 f3+ 72.
Kg1 Qe1+ 73. Kh2 f2 0-1

[Event "SR 2. liga A 2018/2019"]
[Site "?"]
[Date "2018.10.14"]
[Round "2.1"]
[White "Janos, Jozef"]
[Black "Straka, Jozef"]
[Result "1/2-1/2"]
[WhiteElo "2131"]
[BlackElo "2299"]
[PlyCount "29"]
[EventDate "2018.??.??"]
[WhiteTeam "SK Slovan Bratislava D"]
[BlackTeam "SK Nafta Gbely"]

1. d4 Nf6 2. Nf3 c5 3. e3 e6 4. Be2 b6 5. O-O Bb7 6. c4 Be7 7. Nc3 Ne4 8. Nxe4
Bxe4 9. Nd2 Bb7 10. Bf3 Nc6 11. d5 Ne5 12. e4 Nxf3+ 13. Nxf3 exd5 14. exd5 O-O
15. Bf4 1/2-1/2

[Event "SR 2. liga A 2018/2019"]
[Site "?"]
[Date "2018.10.14"]
[Round "2.2"]
[White "Matejovic, Juraj"]
[Black "Fabry, Robert"]
[Result "1-0"]
[WhiteElo "2245"]
[BlackElo "2097"]
[PlyCount "39"]
[EventDate "2018.??.??"]
[WhiteTeam "SK Nafta Gbely"]
[BlackTeam "SK Slovan Bratislava D"]

1. e4 e5 2. Nf3 Nc6 3. Bb5 a6 4. Bxc6 dxc6 5. O-O f6 6. d4 Bg4 7. dxe5 Qxd1 8.
Rxd1 fxe5 9. Rd3 Bd6 10. Nbd2 Nh6 11. h3 Bxf3 12. Nxf3 Nf7 13. Be3 a5 14. a4
Ke7 15. c4 Bb4 16. Rad1 Rad8 17. Nxe5 Rxd3 18. Nxd3 Rd8 19. Kf1 Ke6 20. b3 1-0

[Event "SR 2. liga A 2018/2019"]
[Site "?"]
[Date "2018.10.14"]
[Round "2.4"]
[White "Kovac, Andrej"]
[Black "Mikulas, Dusan"]
[Result "1-0"]
[WhiteElo "2218"]
[BlackElo "1999"]
[PlyCount "77"]
[EventDate "2018.??.??"]
[WhiteTeam "SK Nafta Gbely"]
[BlackTeam "SK Slovan Bratislava D"]

1. d4 d5 2. c4 e5 3. e3 exd4 4. exd4 Nf6 5. Nf3 c6 6. Bd3 Be7 7. O-O O-O 8. Ne5
Nbd7 9. Nc3 dxc4 10. Bxc4 Nb6 11. Bb3 Nbd5 12. Re1 Be6 13. Bg5 h6 14. Bh4 Nxc3
15. bxc3 Nd5 16. Bxe7 Qxe7 17. Bc2 Qd6 18. Qd3 Nf6 19. Re3 Rfd8 20. Rg3 Kf8 21.
Re1 c5 22. Bb3 Bxb3 23. axb3 Qc7 24. Qc4 Rac8 25. dxc5 Rd5 26. Nd3 Rcd8 27. h3
b6 28. b4 a5 29. Rge3 axb4 30. cxb4 bxc5 31. Nxc5 Kg8 32. Re7 Qb8 33. Rb7 Qa8
34. Ree7 Qa1+ 35. Kh2 Qb2 36. Rxf7 Qxf2 37. Rxg7+ Kh8 38. Ne6 Re8 39. Nf4 1-0

[Event "SR 2. liga A 2018/2019"]
[Site "?"]
[Date "2018.10.14"]
[Round "2.5"]
[White "Sturc, Jan"]
[Black "Sosovicka, Juraj"]
[Result "0-1"]
[WhiteElo "2036"]
[BlackElo "2105"]
[PlyCount "48"]
[EventDate "2018.??.??"]
[WhiteTeam "SK Slovan Bratislava D"]
[BlackTeam "SK Nafta Gbely"]

1. e4 e5 2. Nf3 Nc6 3. Bb5 f5 4. Nc3 fxe4 5. Nxe4 Nf6 6. Nxf6+ Qxf6 7. O-O Be7
8. d4 Nxd4 9. Nxd4 exd4 10. Bc4 c6 11. Qh5+ g6 12. Qh6 d5 13. Re1 Be6 14. Bd3
O-O-O 15. Bg5 Qxg5 16. Qxg5 Bxg5 17. Rxe6 Rhe8 18. Rxe8 Rxe8 19. g3 c5 20. f4
Bf6 21. Kf2 c4 22. Bf1 d3 23. cxd3 Bxb2 24. Rb1 c3 0-1

[Event "SR 2. liga A 2018/2019"]
[Site "?"]
[Date "2018.10.14"]
[Round "2.6"]
[White "Pribila, Gerhard"]
[Black "Sturc, Gustav"]
[Result "1/2-1/2"]
[WhiteElo "2127"]
[BlackElo "1983"]
[PlyCount "52"]
[EventDate "2018.??.??"]
[WhiteTeam "SK Nafta Gbely"]
[BlackTeam "SK Slovan Bratislava D"]

1. e4 e5 2. Nf3 Nc6 3. d4 exd4 4. Nxd4 Bc5 5. Nb3 Bb6 6. Nc3 d6 7. Qe2 Be6 8.
Be3 Qe7 9. O-O-O Bxb3 10. axb3 Nf6 11. f3 h6 12. Qf2 Bxe3+ 13. Qxe3 a6 14. Nd5
Nxd5 15. Rxd5 Nb4 16. Rd2 O-O 17. g4 a5 18. c3 Na6 19. h4 Nc5 20. Kc2 c6 21. g5
h5 22. Qd4 Rfd8 23. Bh3 a4 24. bxa4 Rxa4 25. Qf2 Rxe4 26. b4 Na6 1/2-1/2

[Event "SR 2. liga A 2018/2019"]
[Site "?"]
[Date "2018.10.14"]
[Round "2.7"]
[White "Zdrazil, Bohumir"]
[Black "Sebo, Viktor"]
[Result "1-0"]
[WhiteElo "1802"]
[BlackElo "2001"]
[PlyCount "53"]
[EventDate "2018.??.??"]
[WhiteTeam "SK Slovan Bratislava D"]
[BlackTeam "SK Nafta Gbely"]

1. Nf3 Nc6 2. d4 d6 3. c4 g6 4. Nc3 Bg7 5. e4 Bg4 6. Be3 Bxf3 7. gxf3 e6 8. Be2
Nge7 9. Qd2 Qd7 10. f4 d5 11. cxd5 exd5 12. e5 Nf5 13. Bf3 Nce7 14. Bg4 h5 15.
Bh3 c6 16. Ne2 Qc7 17. Ng3 Nxe3 18. fxe3 h4 19. Ne2 Nf5 20. Qd3 Qa5+ 21. Nc3
Ne7 22. O-O Qd8 23. Ne2 Bh6 24. Kh1 Rg8 25. Rg1 g5 26. f5 Nc8 27. f6 1-0

[Event "SR 2. liga A 2018/2019"]
[Site "?"]
[Date "2018.10.14"]
[Round "2.8"]
[White "Bilovsky, Milan"]
[Black "Cervenak, Ladislav"]
[Result "1/2-1/2"]
[WhiteElo "1940"]
[BlackElo "1776"]
[PlyCount "68"]
[EventDate "2018.??.??"]
[WhiteTeam "SK Nafta Gbely"]
[BlackTeam "SK Slovan Bratislava D"]

1. e4 e5 2. Nf3 Nf6 3. d3 Nc6 4. Bg5 Be7 5. Nc3 d6 6. h3 O-O 7. Be2 Re8 8. Qd2
a6 9. O-O Bd7 10. a3 Be6 11. Rfe1 Qd7 12. Kh2 Rad8 13. Bxf6 Bxf6 14. Nd5 Bxd5
15. exd5 Ne7 16. c4 c6 17. dxc6 Nxc6 18. Ng5 Nd4 19. Rad1 Nxe2 20. Rxe2 Bxg5
21. Qxg5 h6 22. Qe3 Qc6 23. Rc1 Qc5 24. b4 Qxe3 25. fxe3 Rc8 26. Rec2 Re7 27.
Kg3 f5 28. Kf3 e4+ 29. dxe4 fxe4+ 30. Ke2 Rec7 31. Kd2 Kf7 32. a4 Ke6 33. a5
Ke5 34. Rc3 Ke6 1/2-1/2

[Event "SR 2. liga A 2018/2019"]
[Site "?"]
[Date "2018.10.14"]
[Round "2.1"]
[White "Federic, Jozef"]
[Black "Abel, Peter"]
[Result "1/2-1/2"]
[WhiteElo "2223"]
[BlackElo "2217"]
[PlyCount "80"]
[EventDate "2018.??.??"]
[WhiteTeam "SK Modra B"]
[BlackTeam "SK Kupele Piestany"]

1. d4 Nf6 2. Nf3 e6 3. Bg5 Be7 4. e3 d5 5. c4 O-O 6. Nc3 Nbd7 7. Rc1 Re8 8. Qc2
c6 9. Bd3 h6 10. Bf4 Nh5 11. Be5 Nhf6 12. Bg3 Nh5 13. cxd5 exd5 14. O-O Nxg3
15. hxg3 Nf8 16. a3 Bd6 17. Na4 Bg4 18. Nc5 Rb8 19. b4 a6 20. Rfe1 Nd7 21. Bh7+
Kh8 22. Bf5 Bxf5 23. Qxf5 Nf6 24. Ne5 Qe7 25. Ncd3 Kg8 26. Rb1 Qe6 27. Qxe6
Rxe6 28. a4 Ne4 29. Nd7 Rd8 30. N7c5 Re7 31. Rb2 Rc8 32. Rc1 Rec7 33. Nxe4 dxe4
34. Nc5 Re7 35. Rc4 Rcc7 36. Rbc2 Kf8 37. Nb3 Ke8 38. Kf1 Kd8 39. Ke2 Kc8 40.
Nc5 Kd8 1/2-1/2

[Event "SR 2. liga A 2018/2019"]
[Site "?"]
[Date "2018.10.14"]
[Round "2.2"]
[White "Nemsak, Denis"]
[Black "Dugovic, Branislav"]
[Result "1/2-1/2"]
[WhiteElo "1994"]
[BlackElo "2179"]
[PlyCount "31"]
[EventDate "2018.??.??"]
[WhiteTeam "SK Kupele Piestany"]
[BlackTeam "SK Modra B"]

1. c4 b6 2. Nc3 e6 3. e4 Bb7 4. a3 g6 5. d4 Bg7 6. f4 Ne7 7. Nf3 O-O 8. Bd3 d6
9. O-O c5 10. d5 h6 11. f5 exf5 12. exf5 Nxf5 13. Bxf5 gxf5 14. Bf4 Ba6 15. Qd3
Qf6 16. Rae1 1/2-1/2

[Event "SR 2. liga A 2018/2019"]
[Site "?"]
[Date "2018.10.14"]
[Round "2.3"]
[White "Mydlarik, Martin"]
[Black "Mihalik, Marek"]
[Result "1-0"]
[WhiteElo "2108"]
[BlackElo "1989"]
[PlyCount "71"]
[EventDate "2018.??.??"]
[WhiteTeam "SK Modra B"]
[BlackTeam "SK Kupele Piestany"]

1. Nf3 Nf6 2. d4 e6 3. g3 d5 4. Bg2 Be7 5. O-O O-O 6. c4 c6 7. Qc2 Re8 8. Nbd2
Nbd7 9. b3 Bd6 10. Bb2 Bc7 11. Rad1 Nf8 12. e4 dxe4 13. Nxe4 Nxe4 14. Qxe4 Ng6
15. Bc3 Bd7 16. Rfe1 Rb8 17. h4 f6 18. h5 Nf8 19. Qd3 Qe7 20. d5 Qf7 21. d6 Bb6
22. h6 g6 23. b4 c5 24. b5 e5 25. Nd2 Be6 26. a4 Bd8 27. a5 Bd7 28. Qe3 b6 29.
a6 Kh8 30. f4 exf4 31. Qxf4 Ne6 32. Qf2 Qf8 33. Ne4 Qxh6 34. Nxf6 Bxf6 35.
Qxf6+ Qg7 36. Rxe6 1-0

[Event "SR 2. liga A 2018/2019"]
[Site "?"]
[Date "2018.10.14"]
[Round "2.4"]
[White "Manak, Adrian"]
[Black "Bochnicka, Vladimir ml"]
[Result "0-1"]
[WhiteElo "1952"]
[BlackElo "2067"]
[PlyCount "82"]
[EventDate "2018.??.??"]
[WhiteTeam "SK Kupele Piestany"]
[BlackTeam "SK Modra B"]

1. e4 c5 2. Nf3 Nc6 3. d4 cxd4 4. Nxd4 Nf6 5. Nc3 e5 6. Ndb5 d6 7. Bg5 a6 8.
Na3 b5 9. Nd5 Be7 10. Bxf6 Bxf6 11. c3 Bg5 12. Nc2 O-O 13. a4 bxa4 14. Rxa4 a5
15. Bc4 Rb8 16. b3 Kh8 17. Nce3 Ne7 18. Qa1 Nxd5 19. Nxd5 f5 20. O-O f4 21. f3
Bh4 22. Rxa5 Bg3 23. Qa2 Qh4 24. h3 h5 25. Rd1 Qd8 26. Ra7 Bb7 27. Qa5 Qh4 28.
Qc7 Bf2+ 29. Kh1 Bxa7 30. Ne7 Qg3 31. Qxd6 Rf6 32. Qc7 Kh7 33. Qxe5 Rbf8 34.
Qc7 Bxe4 35. Rf1 Bb8 36. Qc5 Bg6 37. Qd5 Rd6 38. Qc5 Rd2 39. Rg1 Bd6 40. Qa7
Bxe7 41. Qxe7 Rfd8 0-1

[Event "SR 2. liga A 2018/2019"]
[Site "?"]
[Date "2018.10.14"]
[Round "2.5"]
[White "Sobek, Michal"]
[Black "Slaba, Andrea"]
[Result "1-0"]
[WhiteElo "2012"]
[BlackElo "1932"]
[PlyCount "85"]
[EventDate "2018.??.??"]
[WhiteTeam "SK Modra B"]
[BlackTeam "SK Kupele Piestany"]

1. e4 b6 2. Nc3 Bb7 3. d3 e6 4. g3 Nf6 5. Bg2 d5 6. Nh3 c5 7. O-O d4 8. Ne2 Be7
9. Kh1 Nc6 10. Bg5 Qd7 11. Nef4 O-O-O 12. Nh5 Nxh5 13. Qxh5 f6 14. Bd2 Kb8 15.
Nf4 g5 16. Ne2 Qe8 17. Qxe8 Rdxe8 18. f4 g4 19. Rae1 h5 20. h4 Kc7 21. Rc1 Kb8
22. c3 Rd8 23. c4 Kc7 24. e5 f5 25. a3 Nb8 26. b4 Bxg2+ 27. Kxg2 Nc6 28. Rb1
Rb8 29. Rb2 Nd8 30. Rfb1 Nb7 31. a4 Rhd8 32. a5 cxb4 33. axb6+ axb6 34. Bxb4
Bxb4 35. Rxb4 Nc5 36. Rb5 Rd7 37. Nc1 Na4 38. Ra1 Nc3 39. Rb4 b5 40. Nb3 Kc6
41. Ra6+ Rb6 42. cxb5+ Nxb5 43. Rc4+ 1-0